CLINICAL SIGNIFICANCE OF HÜRTHLE CELLS IN FINE NEEDLE ASPIRATION BIOPSY FOR MULTINODULAR GOITRE

Bibliographic Details
Main Authors: Keskek, M (Author), Koc, M (Author), Tez, M (Author), Ozalp, N (Author), Ocak, S (Author)
Format: Article
Language:English

MARC

LEADER 00000nab a2200000uu 4500
001 vtls010891334
003 SK-MaSNL
005 20260303130704.0
008 230218|2010 xo |||||||||||||||||eng|
015 |a SNBRB 
035 |a (urnnbn)urn:nbn:sk:snk:ar-00646b 
035 |a (uuid)fd4b6889-fd86-40dd-b764-85481a3e1b22 
035 |a urn:nbn:sk:snk-ab8l5b 
040 |a SNKBUCL  |b slo  |c SNKBUCL  |e AACR2 
041 0 |a eng 
044 |a xo  |c SK 
100 1 |a Keskek, M  |4 aut  |9 1146386 
245 1 0 |a CLINICAL SIGNIFICANCE OF HÜRTHLE CELLS IN FINE NEEDLE ASPIRATION BIOPSY FOR MULTINODULAR GOITRE  |c M Keskek, M Koc, M Tez, N Ozalp, S Ocak 
700 1 |a Koc, M  |4 aut  |9 1146387 
700 1 |a Tez, M  |4 aut  |9 1146388 
700 1 |a Ozalp, N  |4 aut  |9 1146478 
700 1 |a Ocak, S  |4 aut  |9 1146390 
773 0 |t Endocrine regulations  |g Roč. 44, č. 2 (2010), s. 65-68 
958 |a OND 
958 |a EUIPO 
958 |a article10 
999 |c 1941621  |d 1943551